[Event "33. Seebach-Open"]
[Site "Grossenseebach"]
[Date "2024.06.02"]
[Round "7.2"]
[White "Narr, Kevin"]
[Black "Ott, Florian"]
[Result "1/2-1/2"]
[WhiteElo "2131"]
[BlackElo "2265"]
[PlyCount "97"]
[EventDate "2024.??.??"]
[WhiteTeam "SG Donautal Tuttlingen"]
[BlackTeam "SC Erlangen 48/88"]

1. Nf3 c5 2. g3 g6 3. Bg2 Bg7 4. c4 Nc6 5. Nc3 e5 6. a3 Nge7 7. Rb1 a5 8. d3
O-O 9. Bg5 f6 10. Be3 d6 11. O-O Be6 12. Ne1 Rb8 13. Nc2 Nd4 14. b4 axb4 15.
axb4 b6 16. Bd2 Qd7 17. Ne3 cxb4 18. Rxb4 b5 19. Qb1 Nec6 20. Bxc6 Qxc6 21. Re1
Bd7 22. Ned5 Kh8 23. Nxb5 Nxb5 24. Rxb5 Rxb5 25. Qxb5 Qxb5 26. cxb5 Bxb5 27.
Rc1 Bd7 28. Rc7 Be6 29. e4 Rc8 30. Bb4 Rxc7 31. Nxc7 Bb3 32. Kf1 Kg8 33. Bxd6
f5 34. Ne8 Bc2 35. Nxg7 Bxd3+ 36. Ke1 Kxg7 37. Bxe5+ Kf7 38. exf5 Bxf5 39. Kd2
Ke6 40. Bb2 Bb1 41. Ke3 Kf5 42. h3 h5 43. Kf3 Be4+ 44. Ke3 Bg2 45. h4 Kg4 46.
Bf6 Bd5 47. Kd4 Ba2 48. Be5 Kf3 49. Bf4 1/2-1/2

[Event "33. Seebach-Open"]
[Site "Grossenseebach"]
[Date "2024.06.02"]
[Round "7.3"]
[White "Quaschner, Manuel"]
[Black "Deschler, Arne"]
[Result "1/2-1/2"]
[WhiteElo "2091"]
[BlackElo "2052"]
[PlyCount "65"]
[EventDate "2024.??.??"]
[WhiteTeam "FSV Großenseebach"]
[BlackTeam "SC Noris-Tarrasch Nürnberg 1873"]

1. e4 c6 2. Nc3 d5 3. Qe2 d4 4. Nd1 e5 5. d3 Bd6 6. g3 c5 7. Bh3 Nc6 8. f4 exf4
9. gxf4 Qh4+ 10. Qf2 Qxf2+ 11. Nxf2 Nge7 12. Bxc8 Rxc8 13. a3 Kd7 14. Nf3 h6
15. Rg1 Rhg8 16. Bd2 Bc7 17. Rg2 f5 18. O-O-O fxe4 19. dxe4 Rcf8 20. f5 Ne5 21.
Nxe5+ Bxe5 22. Rdg1 b6 23. Nd3 Bf6 24. Nf4 g5 25. fxg6 Bg5 26. Nd3 Nxg6 27.
Bxg5 hxg5 28. Rxg5 Ne7 29. Rxg8 Nxg8 30. Rg7+ Ne7 31. Ne5+ Kd6 32. Nc4+ Ke6 33.
Rg2 1/2-1/2

[Event "33. Seebach-Open"]
[Site "Grossenseebach"]
[Date "2024.06.02"]
[Round "7.4"]
[White "Meulner, Fabian"]
[Black "Heimrath, Reiner"]
[Result "0-1"]
[WhiteElo "2085"]
[BlackElo "2163"]
[PlyCount "90"]
[EventDate "2024.??.??"]
[WhiteTeam "SC JÄKLECHEMIE Talente Franken e"]
[BlackTeam "SC Noris-Tarrasch Nürnberg 1873"]

1. d4 Nf6 2. Nf3 g6 3. Bg5 Ne4 4. Bh4 c5 5. c3 Qb6 6. Nbd2 f5 7. Rb1 Bg7 8. e3
Nc6 9. Be2 Nxd2 10. Nxd2 cxd4 11. cxd4 h6 12. Bg3 O-O 13. Bc4+ Kh7 14. h3 d6
15. O-O e5 16. Bd5 f4 17. Bh2 Ne7 18. Bf3 Bf5 19. e4 Bd7 20. dxe5 dxe5 21. Nc4
Qc7 22. Rc1 Rad8 23. Qe1 Be6 24. b3 Nc6 25. Bg4 Bxg4 26. hxg4 Qd7 27. Rd1 Qxg4
28. f3 Qe6 29. Kh1 Qf6 30. Qf2 g5 31. Rd5 Qe6 32. Qc5 b6 33. Qb5 Nd4 34. Qa6
Rxd5 35. exd5 Qxd5 36. Qxa7 b5 37. Nd2 Ra8 38. Qe7 Rxa2 39. Ne4 Qe6 40. Qb7 Qc6
41. Qf7 Qg6 42. Qd7 b4 43. Bg1 Ne2 44. Bh2 Rb2 45. Qd3 Nc3 0-1

[Event "33. Seebach-Open"]
[Site "Grossenseebach"]
[Date "2024.06.02"]
[Round "7.5"]
[White "Homi, Joseph"]
[Black "Diller, Marianne"]
[Result "1-0"]
[WhiteElo "2134"]
[BlackElo "1844"]
[PlyCount "39"]
[EventDate "2024.??.??"]
[WhiteTeam "SGem 1882 Fürth"]
[BlackTeam "SK Rothenburg e.V."]

1. e4 d5 2. exd5 Qxd5 3. Nc3 Qd6 4. d4 Nf6 5. Bc4 e6 6. Nge2 a6 7. Bf4 Qb6 8.
Qd2 Bd7 9. O-O-O Nc6 10. Qd3 O-O-O 11. d5 exd5 12. Bxd5 Nb4 13. Qg3 Nbxd5 14.
Nxd5 Nxd5 15. Rxd5 g6 16. Be5 f6 17. Bc3 Bh6+ 18. Kb1 Rhe8 19. Nd4 Bg7 20. Ba5
1-0

[Event "33. Seebach-Open"]
[Site "Grossenseebach"]
[Date "2024.06.02"]
[Round "7.6"]
[White "Krupke, Sven"]
[Black "Ratushnyi, Viktor"]
[Result "1-0"]
[WhiteElo "2085"]
[BlackElo "2025"]
[PlyCount "89"]
[EventDate "2024.??.??"]
[WhiteTeam "SF Rosenheim e.V."]
[BlackTeam "SC Schwarz-Weiß Nürnberg Süd e.V"]

1. d4 Nf6 2. Nf3 g6 3. Nbd2 d5 4. e3 Bg7 5. b4 O-O 6. c4 c6 7. a4 Nbd7 8. Bb2
Re8 9. Be2 e5 10. Nxe5 Nxe5 11. dxe5 Nd7 12. f4 f6 13. cxd5 cxd5 14. Nf3 fxe5
15. Qxd5+ Kh8 16. Ng5 Rf8 17. Nf7+ Rxf7 18. Qxf7 Qb6 19. Qe8+ Nf8 20. Bxe5
Qxb4+ 21. Kf2 Bxe5 22. Qxe5+ Kg8 23. Rhb1 Qd2 24. Rd1 Qc2 25. Rac1 Qf5 26. Rd8
Qxe5 27. fxe5 b5 28. Rcxc8 Rxc8 29. Rxc8 b4 30. a5 b3 31. Rb8 b2 32. Rxb2 a6
33. Bxa6 h5 34. Rb8 Kg7 35. Be2 h4 36. Rxf8 h3 37. a6 g5 38. Rf6 g4 39. Bxg4
hxg2 40. Kxg2 Kh7 41. a7 Kg7 42. a8=R Kh7 43. Ra7+ Kg8 44. Rb6 Kf8 45. Rb8# 1-0

[Event "33. Seebach-Open"]
[Site "Grossenseebach"]
[Date "2024.06.02"]
[Round "7.7"]
[White "Isbilir, Levin"]
[Black "Sattler, Stefan"]
[Result "1/2-1/2"]
[WhiteElo "2024"]
[BlackElo "2085"]
[PlyCount "51"]
[EventDate "2024.??.??"]
[WhiteTeam "SC Erlangen 48/88"]
[BlackTeam "SK 1911 Herzogenaurach e.V."]

1. e4 e6 2. d4 d5 3. e5 c5 4. c3 Nc6 5. Nf3 Qb6 6. Be2 Nh6 7. Bxh6 gxh6 8. Qd2
Bd7 9. O-O Bg7 10. Na3 cxd4 11. cxd4 O-O 12. Nc2 f6 13. exf6 Rxf6 14. b4 a6 15.
a4 Raf8 16. b5 axb5 17. axb5 Nd8 18. Qa5 Qd6 19. Qa3 Nf7 20. Qe3 Rf4 21. Bd3 e5
22. dxe5 Nxe5 23. Nxe5 Bxe5 24. Rae1 Bg7 25. Qe7 Qc7 26. Ne3 1/2-1/2

[Event "33. Seebach-Open"]
[Site "Grossenseebach"]
[Date "2024.06.02"]
[Round "7.8"]
[White "Liepold, Stefan"]
[Black "Schraegle, Thorsten"]
[Result "0-1"]
[WhiteElo "2201"]
[BlackElo "1950"]
[PlyCount "84"]
[EventDate "2024.??.??"]
[WhiteTeam "SC Erlangen 48/88"]
[BlackTeam "SG Donautal Tuttlingen"]

1. e4 c5 2. Nf3 d6 3. d4 cxd4 4. Nxd4 Nf6 5. Nc3 a6 6. Bd3 e5 7. Nde2 Be7 8.
O-O O-O 9. Ng3 b5 10. Bg5 g6 11. Bxf6 Bxf6 12. a4 b4 13. Nd5 Nc6 14. a5 Be6 15.
Bc4 Bg5 16. Qd3 Nxa5 17. Bxa6 Bxd5 18. exd5 Qb6 19. Ne4 Be7 20. Bc4 f5 21. Nd2
e4 22. Qe2 Bf6 23. Ra2 Nxc4 24. Rxa8 Rxa8 25. Qxc4 Bxb2 26. g4 Bd4 27. Nb3 Bc3
28. gxf5 gxf5 29. Kh1 Kh8 30. Qe2 Re8 31. Qh5 Re5 32. Qf7 Qd8 33. Na5 Qe7 34.
Qxe7 Rxe7 35. Nc6 Re8 36. Rd1 f4 37. Nd4 Kg7 38. Ne6+ Rxe6 39. dxe6 e3 40. fxe3
fxe3 41. e7 e2 42. e8=N+ Kf8 0-1

[Event "33. Seebach-Open"]
[Site "Grossenseebach"]
[Date "2024.06.02"]
[Round "7.9"]
[White "Leis, Stefan"]
[Black "Boehme, Markus"]
[Result "1/2-1/2"]
[WhiteElo "1972"]
[BlackElo "2196"]
[PlyCount "57"]
[EventDate "2024.??.??"]
[WhiteTeam "SC Mühlhof-Reichelsdorf e.V."]
[BlackTeam "SC Uttenreuth e.V."]

1. d4 Nf6 2. Nf3 c5 3. c3 g6 4. Bf4 Bg7 5. e3 O-O 6. Nbd2 d6 7. Be2 Nc6 8. O-O
Nh5 9. Bg5 h6 10. Bh4 g5 11. Bg3 Nxg3 12. fxg3 cxd4 13. cxd4 e5 14. d5 Ne7 15.
Qb3 f5 16. e4 b5 17. Kh1 Rb8 18. a4 fxe4 19. Nxe4 Bf5 20. Bd3 bxa4 21. Qxa4 Kh8
22. g4 Bh7 23. Qa3 Nxd5 24. Nexg5 Bg8 25. Nh4 Rxf1+ 26. Rxf1 Qxg5 27. Ng6+ Kh7
28. Nf8+ Kh8 29. Ng6+ 1/2-1/2

[Event "33. Seebach-Open"]
[Site "Grossenseebach"]
[Date "2024.06.02"]
[Round "7.10"]
[White "Heidrich, Manfred"]
[Black "Heppert, Lars"]
[Result "1-0"]
[WhiteElo "2184"]
[BlackElo "1910"]
[PlyCount "51"]
[EventDate "2024.??.??"]
[WhiteTeam "SC Forchheim e.V."]
[BlackTeam "SK Neuburg"]

1. e4 d6 2. d4 Nf6 3. f3 Nbd7 4. Be3 e5 5. d5 c6 6. c4 Be7 7. Bd3 h6 8. Ne2 Qc7
9. Nbc3 Nf8 10. Qd2 Bd7 11. O-O g5 12. Ng3 Ng6 13. Nf5 Bxf5 14. exf5 Nf4 15. g3
N4h5 16. Rac1 Ng7 17. Be4 c5 18. a3 O-O-O 19. b4 b6 20. Qd3 Rdg8 21. Rb1 Nge8
22. a4 Nd7 23. a5 g4 24. axb6 axb6 25. Nb5 Qd8 26. Na7+ 1-0

[Event "33. Seebach-Open"]
[Site "Grossenseebach"]
[Date "2024.06.02"]
[Round "7.11"]
[White "Meulner, Klaus"]
[Black "Bieberle, Jan"]
[Result "0-1"]
[WhiteElo "1986"]
[BlackElo "2153"]
[PlyCount "102"]
[EventDate "2024.??.??"]
[WhiteTeam "SC Schwarz-Weiß Nürnberg Süd e.V"]
[BlackTeam "SC Höchstadt/Aisch"]

1. d4 Nf6 2. Bf4 d5 3. Nf3 c5 4. e3 Nc6 5. Nbd2 Bf5 6. dxc5 e6 7. Nd4 Bxc5 8.
Nxf5 exf5 9. c3 O-O 10. Be2 Qe7 11. O-O Rad8 12. Nb3 Bb6 13. Nd4 Nxd4 14. cxd4
Ne4 15. Bd3 g6 16. Bh6 Rfe8 17. Bb5 g5 18. Bxe8 Rxe8 19. Qh5 f6 20. Rac1 Qf7
21. Qh3 Nd6 22. Rc2 Qg6 23. Rfc1 Kf7 24. Qg3 Ke6 25. Qh3 Nf7 26. e4 Nxh6 27.
exd5+ Kf7 28. d6 Rd8 29. Rc7+ Bxc7 30. dxc7 Rc8 31. Qb3+ Kg7 32. Qxb7 Qe8 33.
Qxa7 Nf7 34. Qc5 Qd7 35. d5 Nd6 36. Qc6 Qe7 37. h3 Ne8 38. Qe6 Qxe6 39. dxe6
Rxc7 40. Rxc7+ Nxc7 41. a4 Nxe6 42. Kf1 Kf7 43. Ke2 Ke7 44. a5 Kd6 45. b4 Kc6
46. Kd3 Kb5 47. a6 Kxa6 48. Kc4 Nf4 49. Kc5 Nd3+ 50. Kd5 Nxf2 51. Ke6 f4 0-1

[Event "33. Seebach-Open"]
[Site "Grossenseebach"]
[Date "2024.06.02"]
[Round "7.12"]
[White "Akhramsyah Muammar Ubaidah, Aqil"]
[Black "Seidel, Peter"]
[Result "0-1"]
[WhiteElo "1949"]
[BlackElo "2124"]
[PlyCount "42"]
[EventDate "2024.??.??"]
[WhiteTeam "SF Brand 1981 e. V."]
[BlackTeam "SC Höchstadt/Aisch"]

1. d4 Nf6 2. c4 c5 3. d5 d6 4. Nc3 g6 5. Nf3 Bg7 6. g3 O-O 7. Bg2 a6 8. O-O
Nbd7 9. a4 Rb8 10. Re1 Ng4 11. e4 Nde5 12. Nxe5 Nxe5 13. Qe2 b5 14. axb5 axb5
15. Nxb5 Bd7 16. Na3 Rb3 17. Be3 Rxb2 18. Qd1 Bg4 19. Qa4 Rb4 20. Qc2 Qc8 21.
f4 Rb2 0-1

[Event "33. Seebach-Open"]
[Site "Grossenseebach"]
[Date "2024.06.02"]
[Round "7.14"]
[White "Korn, Lukas Alexander"]
[Black "Schmahl, Stephan"]
[Result "0-1"]
[WhiteElo "1883"]
[BlackElo "2007"]
[PlyCount "80"]
[EventDate "2024.??.??"]
[WhiteTeam "FSV Großenseebach"]
[BlackTeam "SC Windischeschenbach"]

1. d4 Nf6 2. Bf4 e6 3. e3 c5 4. c3 cxd4 5. exd4 b6 6. Nf3 Ba6 7. Bxa6 Nxa6 8.
Ne5 Be7 9. Nd2 O-O 10. O-O Qc8 11. Qa4 Qb7 12. Rfe1 b5 13. Qb3 d6 14. Nef3 Nc7
15. Bg3 h6 16. h3 Qc6 17. Rac1 Rab8 18. Qd1 Rfc8 19. b3 Qa6 20. Rc2 Ncd5 21.
Qc1 Rb6 22. Qb2 Nh5 23. Ne4 Nxg3 24. fxg3 Bf8 25. Nf2 Rbc6 26. Rec1 Qb6 27. Kh1
g6 28. Nd3 a5 29. Nf4 Ne3 30. Re2 Nf5 31. Kh2 Bg7 32. Rce1 Rxc3 33. Nxe6 fxe6
34. Rxe6 Nxd4 35. Nxd4 Qxd4 36. Qe2 Rc2 37. Re8+ Rxe8 38. Qxe8+ Kh7 39. Re6 Qd3
40. Re3 Qd5 0-1

[Event "33. Seebach-Open"]
[Site "Grossenseebach"]
[Date "2024.06.02"]
[Round "7.15"]
[White "Huhn, Stefan"]
[Black "Vennemann, Juergen"]
[Result "1-0"]
[WhiteElo "1999"]
[BlackElo "1831"]
[PlyCount "197"]
[EventDate "2024.??.??"]
[WhiteTeam "SV Herrenberg e.V."]
[BlackTeam "SC Hersbruck"]

1. d4 d6 2. Bf4 g6 3. Nc3 Bg7 4. Nf3 Nd7 5. e4 e5 6. Bg5 Ngf6 7. Bc4 O-O 8. O-O
h6 9. Be3 Ng4 10. Bc1 exd4 11. Nxd4 Nge5 12. Bb3 Nc5 13. f3 a6 14. Be3 Nxb3 15.
axb3 Bd7 16. Qd2 Kh7 17. Rad1 Nc6 18. Nxc6 bxc6 19. Bd4 f6 20. Ra1 Qe7 21. Be3
Bc8 22. Ra5 Bb7 23. Ne2 Rae8 24. Ng3 c5 25. Bf2 h5 26. Re1 Bh6 27. Qd3 Bf4 28.
Nf1 Rf7 29. Raa1 Qf8 30. Be3 Bxe3+ 31. Nxe3 Rfe7 32. Re2 Re6 33. Rae1 R8e7 34.
Nd5 Bxd5 35. Qxd5 f5 36. Qd3 fxe4 37. Rxe4 Qf6 38. c3 Qf5 39. Rxe6 Qxd3 40.
Rxe7+ Kh6 41. R1e2 h4 42. Kf2 h3 43. gxh3 Qf5 44. Rxc7 Qxh3 45. Ke3 Qe6+ 46.
Kd3 Qxb3 47. Rce7 d5 48. R7e5 Qd1+ 49. Rd2 Qxf3+ 50. Kc2 d4 51. cxd4 cxd4 52.
Rxd4 Qc6+ 53. Kd3 Qc1 54. Re2 Qd1+ 55. Rd2 Qb3+ 56. Ke2 Qh3 57. Kd1 Qf3+ 58.
Kc1 a5 59. R4d3 Qb7 60. Kb1 Qb4 61. Ka2 Qa4+ 62. Kb1 Qb4 63. Rd4 Qb5 64. Rh4+
Kg7 65. Rdd4 Qf1+ 66. Ka2 Qb5 67. Rc4 Qd5 68. Rhd4 Qb5 69. Ka3 Kh6 70. b3 Kg7
71. Rc7+ Kh6 72. Rdc4 Qe5 73. Rc2 Qa1+ 74. Ra2 Qd4 75. Rc4 Qd7 76. Rac2 Qb5 77.
Ka2 Kg7 78. Rg2 g5 79. h4 Kh7 80. Rxg5 Qd7 81. Rgc5 Qd2+ 82. Rc2 Qe1 83. h5 Kh6
84. Kb2 Qb4 85. Rc6+ Kh7 86. R6c4 Qb5 87. Rc7+ Kh8 88. R7c5 Qb4 89. R5c4 Qb5
90. h6 Qe5+ 91. Ka2 Kh7 92. Rc7+ Kh8 93. Rc8+ Kh7 94. R8c7+ Kh8 95. Rg7 Qf5 96.
Rcc7 Qf2+ 97. Ka3 Qf8+ 98. Rce7 Qd8 99. Rh7+ 1-0

[Event "33. Seebach-Open"]
[Site "Grossenseebach"]
[Date "2024.06.02"]
[Round "7.16"]
[White "Kromer, Thomas"]
[Black "Seibold, Hubert"]
[Result "0-1"]
[WhiteElo "1754"]
[BlackElo "1996"]
[PlyCount "30"]
[EventDate "2024.??.??"]
[WhiteTeam "SF Riedlingen"]
[BlackTeam "SK Zirndorf e.V."]

1. e4 c5 2. a3 g6 3. d4 cxd4 4. Qxd4 Nf6 5. Nc3 Nc6 6. Qe3 Bg7 7. Be2 O-O 8. h4
d5 9. Nxd5 Nxd5 10. exd5 Qxd5 11. c3 Ne5 12. Qg3 Bf5 13. Be3 Nd3+ 14. Bxd3 Qxd3
15. Nf3 Bxc3+ 0-1

[Event "33. Seebach-Open"]
[Site "Grossenseebach"]
[Date "2024.06.02"]
[Round "7.17"]
[White "Martin Fernandez, Rafael"]
[Black "Galter, Norbert"]
[Result "1-0"]
[WhiteElo "1991"]
[BlackElo "1507"]
[PlyCount "51"]
[EventDate "2024.??.??"]
[WhiteTeam "SC Erlangen 48/88"]
[BlackTeam "Spvg Zabo-Eintracht Nürnberg e.V"]

1. e4 e5 2. Nf3 Nf6 3. Nxe5 d6 4. Nf3 Nxe4 5. Nc3 Nxc3 6. dxc3 f6 7. Be3 Nc6 8.
Qd2 Bg4 9. Be2 Qd7 10. h3 Bxf3 11. Bxf3 O-O-O 12. Qd5 Kb8 13. b4 Re8 14. O-O
Qe6 15. Qb5 Qd7 16. Qa4 a6 17. b5 Ne5 18. Bxb7 Qxb5 19. Rab1 Qxa4 20. Bxa6+ Ka8
21. Bb7+ Kb8 22. Bc6+ Kc8 23. Bxa4 Re6 24. Ba7 c5 25. Rb8+ Kc7 26. Rfb1 1-0

[Event "33. Seebach-Open"]
[Site "Grossenseebach"]
[Date "2024.06.02"]
[Round "7.19"]
[White "Stierhof, Michael"]
[Black "Averkova, Olena"]
[Result "1-0"]
[WhiteElo "2068"]
[BlackElo "1812"]
[PlyCount "73"]
[EventDate "2024.??.??"]
[WhiteTeam "SC 1868 Bamberg"]
[BlackTeam "SC 1868 Bamberg"]

1. e4 d5 2. exd5 Nf6 3. d4 Nxd5 4. c4 Nf6 5. Nf3 Bg4 6. Be2 e6 7. O-O Nbd7 8.
Qb3 Qc8 9. Nc3 c6 10. Bf4 Nh5 11. Be3 Bd6 12. Ne4 Bc7 13. Qa3 Qb8 14. Bg5 f6
15. h3 Bf5 16. Nfd2 Nf4 17. Bxf4 Bxf4 18. Rfe1 c5 19. dxc5 O-O 20. Bf3 Ne5 21.
Nf1 Nxc4 22. Qc3 Ne5 23. Rad1 Nxf3+ 24. Qxf3 e5 25. g3 Bxe4 26. Qxe4 Bh6 27.
Rd7 Qc8 28. Qd5+ Kh8 29. Rd1 Qc6 30. Rxb7 Qxd5 31. Rxd5 Rfc8 32. b4 a5 33. b5
Bc1 34. c6 Ba3 35. Rbd7 h6 36. c7 Kh7 37. b6 1-0

[Event "33. Seebach-Open"]
[Site "Grossenseebach"]
[Date "2024.06.02"]
[Round "7.21"]
[White "Utz, Helmut"]
[Black "Basel, Matthias"]
[Result "1/2-1/2"]
[WhiteElo "1788"]
[BlackElo "1989"]
[PlyCount "68"]
[EventDate "2024.??.??"]
[WhiteTeam "SC Wassertrüdingen"]
[BlackTeam "SC Kitzingen von 1905"]

1. d4 Nf6 2. Nf3 g6 3. c4 Bg7 4. Nc3 O-O 5. e4 d6 6. Be2 e5 7. dxe5 dxe5 8.
Qxd8 Rxd8 9. Bg5 Re8 10. Nd5 Nxd5 11. cxd5 c6 12. Bc4 b5 13. Bb3 a5 14. a4 Bb7
15. d6 Nd7 16. Rd1 h6 17. Be3 Bf8 18. O-O Rac8 19. Nh4 Kg7 20. f4 f6 21. f5 c5
22. Bd5 Rb8 23. Nxg6 bxa4 24. Nxf8 Rxf8 25. Rf2 Bxd5 26. Rxd5 Rb5 27. Rc2 Rc8
28. g4 Rb4 29. Re2 Rc4 30. Kf2 Rb8 31. h3 Rb3 32. Rdd2 Kh7 33. Kf3 Rbb4 34. Rc2
Kg7 1/2-1/2

[Event "33. Seebach-Open"]
[Site "Grossenseebach"]
[Date "2024.06.02"]
[Round "7.22"]
[White "Ruderer, Alexander"]
[Black "Kassner, Sascha"]
[Result "1-0"]
[WhiteElo "1740"]
[BlackElo "1937"]
[PlyCount "89"]
[EventDate "2024.??.??"]
[WhiteTeam "SC Heideck-Hilpoltstein"]
[BlackTeam "SF Rosenheim e.V."]

1. d4 g6 2. Nf3 Bg7 3. Bf4 d6 4. c4 Nd7 5. e3 e5 6. Bg3 Nh6 7. Nc3 Nf5 8. Be2
O-O 9. Qc2 exd4 10. exd4 Nxd4 11. Nxd4 Bxd4 12. Rd1 Bg7 13. O-O Nc5 14. b4 Bf5
15. Qc1 Ne6 16. c5 Nd4 17. cxd6 cxd6 18. Qd2 Rc8 19. Nb5 Rc2 20. Nxd4 Rxd2 21.
Rxd2 d5 22. Nxf5 gxf5 23. Bf3 d4 24. Bf4 Qb6 25. a3 Re8 26. g3 Qa6 27. Ra1 Rc8
28. Rdd1 Rc3 29. Bd5 Rc2 30. Re1 Re2 31. Rec1 d3 32. Rc8+ Bf8 33. Bc4 Qb6 34.
Rf1 Rc2 35. Rc7 Qxc7 36. Bxc7 Rxc4 37. Be5 Bg7 38. Bf4 Bb2 39. Rd1 Bxa3 40.
Rxd3 Bxb4 41. Rd8+ Kg7 42. Rb8 a5 43. Rxb7 a4 44. Be3 Kf8 45. Rxb4 1-0

[Event "33. Seebach-Open"]
[Site "Grossenseebach"]
[Date "2024.06.02"]
[Round "7.23"]
[White "Brunsch, Michael"]
[Black "Wachter, Michael"]
[Result "1-0"]
[WhiteElo "1936"]
[BlackElo "1779"]
[PlyCount "113"]
[EventDate "2024.??.??"]
[WhiteTeam "SC Höchstadt/Aisch"]
[BlackTeam "SC 1868 Bamberg"]

1. e4 c5 2. Be2 e6 3. d3 d5 4. f4 dxe4 5. dxe4 Qxd1+ 6. Bxd1 Nf6 7. Nc3 Nc6 8.
Nf3 Be7 9. Be3 b6 10. Be2 Bb7 11. O-O-O Rd8 12. Rxd8+ Bxd8 13. Rd1 Bc7 14. g3
Ke7 15. e5 Nd5 16. Nxd5+ exd5 17. c3 Rd8 18. Nh4 g6 19. Nf3 h6 20. h4 h5 21.
Ng5 d4 22. Bf2 dxc3 23. bxc3 Rxd1+ 24. Kxd1 Na5 25. Bd3 Bd5 26. Bb1 Nc4 27. Be4
Bxe4 28. Nxe4 Ke6 29. Kc2 Na5 30. Ng5+ Ke7 31. Kd3 f6 32. exf6+ Kxf6 33. Ke4
Nb7 34. c4 Nd8 35. Be1 Bb8 36. Bc3+ Ke7 37. Kd5 Kd7 38. a4 Nc6 39. Ke4 Bc7 40.
Nf3 Ke6 41. Ng5+ Kd7 42. Be5 Bd8 43. Nf7 Ne7 44. Nxd8 Kxd8 45. Bf6 Kd7 46. Bxe7
Kxe7 47. f5 gxf5+ 48. Kxf5 Kd6 49. g4 hxg4 50. Kxg4 Ke5 51. h5 Kd4 52. h6 Kxc4
53. h7 Kb4 54. h8=Q c4 55. Qd4 Kxa4 56. Qxc4+ Ka3 57. Qa6+ 1-0

[Event "33. Seebach-Open"]
[Site "Grossenseebach"]
[Date "2024.06.02"]
[Round "7.24"]
[White "Kwossek, Martin"]
[Black "Koenig, Oliver"]
[Result "1/2-1/2"]
[WhiteElo "1724"]
[BlackElo "1935"]
[PlyCount "20"]
[EventDate "2024.??.??"]
[WhiteTeam "SC Kitzingen von 1905"]
[BlackTeam "SGem 1882 Fürth"]

1. d4 Nf6 2. Nf3 g6 3. Bf4 Bg7 4. e3 O-O 5. Be2 d6 6. O-O Nbd7 7. h3 b6 8. Nbd2
Bb7 9. Rc1 Ne4 10. Nxe4 Bxe4 1/2-1/2

[Event "33. Seebach-Open"]
[Site "Grossenseebach"]
[Date "2024.06.02"]
[Round "7.25"]
[White "Martin Fernandez, Felix"]
[Black "Hock, Gerold"]
[Result "1/2-1/2"]
[WhiteElo "1430"]
[BlackElo "1916"]
[PlyCount "117"]
[EventDate "2024.??.??"]
[WhiteTeam "SC Erlangen 48/88"]
[BlackTeam "SC Sulzbach"]

1. e4 e5 2. Nf3 d6 3. d4 Nd7 4. d5 Ngf6 5. Nc3 Nc5 6. Bd3 Bd7 7. O-O g6 8. h3
Bg7 9. Be3 Nxd3 10. Qxd3 a6 11. Qd2 Qc8 12. Bh6 O-O 13. Bxg7 Kxg7 14. Qe3 Nh5
15. Ne2 f5 16. exf5 Bxf5 17. Ng5 h6 18. Ne4 Bxe4 19. Qxe4 Nf4 20. Nxf4 Rxf4 21.
Qd3 Qf5 22. Qxf5 gxf5 23. Rfe1 Kf6 24. g3 Rg8 25. Re3 Rd4 26. Rd3 Rxd3 27. cxd3
c5 28. dxc6 bxc6 29. Rc1 c5 30. Kf1 Rb8 31. b3 Ke6 32. Rc4 Rb4 33. Ke2 Rxc4 34.
dxc4 d5 35. cxd5+ Kxd5 36. Kd3 e4+ 37. Ke3 Ke5 38. a3 a5 39. h4 h5 40. a4 Kd5
41. Kf4 Kd4 42. Kxf5 Kc3 43. Kxe4 Kxb3 44. f4 c4 45. f5 c3 46. f6 c2 47. f7
c1=Q 48. f8=Q Qe1+ 49. Kd4 Qc3+ 50. Ke4 Kxa4 51. Qe8+ Kb4 52. Qxh5 Qxg3 53. Qg5
Qe1+ 54. Kf5 Qb1+ 55. Ke6 Qe4+ 56. Kf7 a4 57. h5 a3 58. Qd2+ Kb3 59. Qd1+
1/2-1/2

[Event "33. Seebach-Open"]
[Site "Grossenseebach"]
[Date "2024.06.02"]
[Round "7.26"]
[White "Rosin, Ralf"]
[Black "Thurn, Stephan"]
[Result "1/2-1/2"]
[WhiteElo "1915"]
[BlackElo "1761"]
[PlyCount "30"]
[EventDate "2024.??.??"]
[WhiteTeam "FSV Großenseebach"]
[BlackTeam "TSV Kirchehrenbach"]

1. d4 d5 2. Nf3 c6 3. e3 Nf6 4. c4 e6 5. Nc3 Nbd7 6. Bd3 dxc4 7. Bxc4 b5 8. Bd3
a6 9. O-O c5 10. e4 cxd4 11. Nxd4 Bb7 12. Bg5 Nc5 13. e5 Nxd3 14. Qxd3 h6 15.
Be3 Nd5 1/2-1/2

[Event "33. Seebach-Open"]
[Site "Grossenseebach"]
[Date "2024.06.02"]
[Round "7.27"]
[White "Savchuk, Alexander"]
[Black "Barsov, Vladislav"]
[Result "0-1"]
[WhiteElo "1896"]
[BlackElo "1733"]
[PlyCount "56"]
[EventDate "2024.??.??"]
[WhiteTeam "SC Uttenreuth e.V."]
[BlackTeam "SK Gräfelfing"]

1. e4 e6 2. d4 d5 3. e5 c5 4. c3 Nc6 5. Nf3 Bd7 6. Be2 Rc8 7. O-O Nge7 8. dxc5
Ng6 9. b4 Ncxe5 10. Nxe5 Nxe5 11. Be3 Be7 12. f4 Nc6 13. a4 Bf6 14. Qd2 Nxb4
15. cxb4 Bxa1 16. Nc3 Bxc3 17. Qxc3 O-O 18. Rf3 Qe7 19. b5 Rfe8 20. Bd4 f6 21.
Re3 Qf7 22. Bd3 Rf8 23. Rh3 h6 24. Rg3 e5 25. Bg6 Qe7 26. fxe5 fxe5 27. Bxe5
Rxc5 28. Qb2 Qxe5 0-1

[Event "33. Seebach-Open"]
[Site "Grossenseebach"]
[Date "2024.06.02"]
[Round "7.28"]
[White "Arora, Abhiraaj"]
[Black "Weissmann, Peter"]
[Result "1-0"]
[WhiteElo "1827"]
[BlackElo "1568"]
[PlyCount "79"]
[EventDate "2024.??.??"]
[WhiteTeam "SC Erlangen 48/88"]
[BlackTeam "SGem 1882 Fürth"]

1. e4 e5 2. f4 d5 3. exd5 exf4 4. Nf3 Be7 5. Bc4 Bh4+ 6. Kf1 Be7 7. d4 Nf6 8.
Nc3 O-O 9. Bxf4 a6 10. a4 b6 11. Ng5 Bb7 12. Qf3 Bb4 13. Nge4 Nbd7 14. Kf2 Rc8
15. Rhf1 c5 16. Nd6 Rb8 17. Nxb7 Rxb7 18. Bxa6 Ra7 19. Bd3 cxd4 20. Nb5 Ra8 21.
Nxd4 Nc5 22. Nc6 Nxd3+ 23. cxd3 Qxd5 24. Kg1 Rac8 25. Qxd5 Nxd5 26. Nxb4 Nxb4
27. Bd6 Nc2 28. Rac1 Rfd8 29. Be5 f6 30. Bg3 Nd4 31. Rxc8 Rxc8 32. Re1 Rc2 33.
Bf2 Ne2+ 34. Kf1 Nf4 35. Bxb6 Rxb2 36. a5 Nxd3 37. Ra1 Ne5 38. a6 Nd7 39. Bc7
Rc2 40. a7 1-0

[Event "33. Seebach-Open"]
[Site "Grossenseebach"]
[Date "2024.06.02"]
[Round "7.29"]
[White "Schuetze, Benjamin"]
[Black "Keck, Johannes"]
[Result "1/2-1/2"]
[WhiteElo "1685"]
[BlackElo "1825"]
[PlyCount "35"]
[EventDate "2024.??.??"]
[WhiteTeam "FSV Großenseebach"]
[BlackTeam "SC Erlangen 48/88"]

1. e4 e6 2. d4 d5 3. Nc3 Bb4 4. exd5 exd5 5. Bd3 Ne7 6. a3 Bd6 7. Nf3 c6 8. h3
Bf5 9. O-O O-O 10. Nh4 Bxd3 11. Qxd3 Nd7 12. Re1 Re8 13. Ne2 Nf8 14. Bf4 Bxf4
15. Nxf4 Nfg6 16. Nfxg6 Nxg6 17. Nxg6 hxg6 18. Re3 1/2-1/2

[Event "33. Seebach-Open"]
[Site "Grossenseebach"]
[Date "2024.06.02"]
[Round "7.30"]
[White "Pflaum, Stefan"]
[Black "Becker, Werner"]
[Result "1-0"]
[WhiteElo "1985"]
[BlackElo "1669"]
[PlyCount "67"]
[EventDate "2024.??.??"]
[WhiteTeam "SC Schachmatt Botnang"]
[BlackTeam "SC Rochade e.V."]

1. d4 Nf6 2. c4 e6 3. Nc3 Bb4 4. e3 d5 5. Bd3 c6 6. Qc2 b6 7. Nf3 Bb7 8. O-O
Nbd7 9. a3 Be7 10. b4 a5 11. b5 c5 12. Bb2 Qc7 13. cxd5 e5 14. dxe5 Nxe5 15.
Nxe5 Qxe5 16. Bc4 Ng4 17. g3 Qh5 18. h4 Ne5 19. Be2 Nf3+ 20. Kg2 Nxh4+ 21. gxh4
Qxh4 22. f4 O-O-O 23. Rh1 Qf6 24. Bf3 h6 25. Na4 Qg6+ 26. Qxg6 fxg6 27. Bxg7
Rh7 28. Be5 Bd6 29. Nxb6+ Kc7 30. Nc4 Bxe5 31. b6+ Kb8 32. Nxe5 Bxd5 33. Rhd1
Bxf3+ 34. Kxf3 1-0

[Event "33. Seebach-Open"]
[Site "Grossenseebach"]
[Date "2024.06.02"]
[Round "7.31"]
[White "Vinogradov, Anatoli"]
[Black "Schwarzmann, Tobias"]
[Result "0-1"]
[WhiteElo "1639"]
[BlackElo "1953"]
[PlyCount "72"]
[EventDate "2024.??.??"]
[WhiteTeam "SF Haselmühl/Amberg"]
[BlackTeam "SC Höchstadt/Aisch"]

1. d4 Nf6 2. c4 g6 3. Nc3 Bg7 4. Bg5 O-O 5. e3 d6 6. Nf3 Nbd7 7. Be2 c5 8. d5
Ng4 9. O-O a6 10. Qc2 Re8 11. Rfe1 Qa5 12. Nd2 Ngf6 13. Nde4 Nxe4 14. Nxe4 b5
15. Nc3 bxc4 16. Bxc4 Rb8 17. e4 Ne5 18. Be2 Qb4 19. Rab1 Bd7 20. a3 Qb6 21. f4
c4+ 22. Kh1 Ng4 23. Bxg4 Bxg4 24. h3 Bd7 25. e5 dxe5 26. fxe5 Bf5 27. Ne4 Bxe5
28. Qxc4 Rec8 29. Qe2 f6 30. g4 Bd7 31. Be3 Qb5 32. Qd2 Qc4 33. Nf2 Qb3 34. g5
Rc2 35. Qd3 Rxf2 36. Qxb3 Rh2+ 0-1